Strategické marketingové plánovanie rozvoja územia

Salvato in:
Dettagli Bibliografici
Autore principale: Vaňová, Anna
Ente Autore: Občianske združenie EKONÓMIA
Natura: Libro
Lingua:slovacco
Pubblicazione: Banská Bystrica Univerzita Mateja Bela, Ekonomická fakulta v Banskej Bystrici 2006
Serie:Studia oeconomica 31
Soggetti:
Tags: Aggiungi Tag
Nessun Tag, puoi essere il primo ad aggiungerne!!

MARC

LEADER 00000nam$a2200000$$$4500
001 0062909
005 20240314093540.3
020 |a 80-8083-301-X 
041 0 |a slo 
044 |a SK 
245 1 0 |a Strategické marketingové plánovanie rozvoja územia  |c Anna Vaňová 
264 1 |a Banská Bystrica  |b Univerzita Mateja Bela, Ekonomická fakulta v Banskej Bystrici  |c 2006 
300 |a 138 s. 
490 1 |a Studia oeconomica  |v 31 
830 0 |a Studia oeconomica  |v 31 
610 2 0 |a plánovanie strategické 
610 2 0 |a marketing 
610 2 0 |a urbanizácia 
610 2 0 |a urbanizmus 
610 2 0 |a analýzy 
610 2 0 |a analýza trhu 
610 2 0 |a konkurencia 
610 2 0 |a ceny 
610 2 0 |a komunikácia marketingová 
100 1 |a Vaňová, Anna 
710 2 |a Občianske združenie EKONÓMIA